000 00508caa a22001692a 4500
001 002663
003 AR-FADEU
008 311216n########xxu####################dd
092 _a813.01
_bW956
100 _aMailer, Norman
245 _aThe time of her time
300 _aPP. 251-278
500 _aEn Writer's choice / ed. Rust Hills. New York : David McKay, 1974
546 _aInglés
942 _cBDGR
773 0 _08483
_97164
_a
_b
_dNew York
_o01704
_tWRITER'S choice
_w( AR-FADEU) 002651
_x
_z0-679-30270-0
999 _c8495
_d8495